[Event "It (open)"]
[Site "masterchessopen.com Velika Gorica (Croatia)"]
[Date "2007.08.25"]
[Round "9"]
[White "Bender Ivan (CRO)"]
[Black "Franic Milan (CRO)"]
[Result "0-1"]
[WhiteElo "2315"]
[BlackElo "2401"]

1.d4 Nf6 2.c4 e6 3.Nc3 Bb4 4.Qc2 d6 5.a3 Bxc3+ 6.Qxc3 Qe7 7.Bg5 a5 8.e3 b6
9.Bd3 Bb7 10.f3 a4 11.Ne2 Ra5 12.Bh4 Nbd7 13.Qc2 c5 14.O-O d5 15.Kh1 dxc4
16.Bxc4 O-O 17.Rfd1 Rc8 18.Be1 Raa8 19.Qd3 cxd4 20.Bb4 Qe8 21.Qxd4 e5 22.Qh4
e4 23.Bb5 exf3 24.Nf4 fxg2+ 25.Nxg2 Rc2 26.Rd2 Rac8 27.Bxa4 Rc1+ 28.Rxc1 Rxc1+
29.Rd1 Qxe3 30.Qg3 Rxd1+ 31.Bxd1 Qd4 32.Bf3 Ne4 33.Bxe4 Bxe4 34.Bc3 Qd1+
35.Be1 Ne5 36.Qe3 Nd3 37.Kg1 f5 38.Qd2 Qb1 39.Qc3 h6 40.Kf1 Qd1 41.Qd2 Qf3+
42.Kg1 {#R} 0-1

[Event "Ch Russia (Higher League)"]
[Site "masterchessopen.com Krasnoyarsk (Russia)"]
[Date "2007.09.08"]
[Round "5"]
[White "Kiriakov Petr (RUS)"]
[Black "Lysyj Igor (RUS)"]
[Result "0-1"]
[WhiteElo "2541"]
[BlackElo "2591"]

{ Kiriakov Petr (RUS) +18 =23 -1 Lysyj Igor (RUS) +0 =0 -1 } 1.d4 Nf6 2.c4 e6
3.Nc3 Bb4 4.Qc2 d6 ( 4...O-O 5.a3 Bxc3+ 6.Qxc3 d6 7.Nf3 b6 8.e3 Bb7 9.Be2 Ne4
10.Qc2 Nd7 11.O-O f5 12.b4 Rf6 13.d5 Rg6 14.Nd4 Qg5 15.g3 Ne5 16.Nxe6 Rxe6
17.dxe6 Qg6 18.Rd1 Ng5 19.Rd5 Ngf3+ 20.Bxf3 Nxf3+ 21.Kf1 Nxh2+ 22.Ke2 Qg4+
23.Kd2 Nf3+ 24.Kc3 { ...1-0, Bocharov Dmitry 2602 - Lysyj Igor 2576 , Moscow
22. 2.2007 It (open) "Aeroflot" } ) 5.Bg5 Nbd7 6.e3 c5 { ? } ( 6...h6 7.Bh4
Qe7 8.Ne2 c6 9.a3 Ba5 10.O-O-O g5 11.Bg3 Nh5 12.Kb1 Nxg3 13.Nxg3 Nf6 14.d5 Bd7
15.dxe6 { 1/2-1/2, Thorsteins Karl 2445 - Balashov Yuri S 2535 , Reykjavik
1989 It (cat.9) } ) ( 6...Bxc3+ 7.bxc3 b6 8.Bd3 Bb7 9.f3 h6 10.Bh4 Qe7 11.Ne2
e5 12.e4 O-O-O 13.Bf2 Nh5 14.Qd2 g6 15.O-O-O Ng7 16.Be3 h5 17.Rhe1 h4 18.Ng1
f6 19.Bc2 g5 20.Nh3 Ne6 21.Nf2 Nf4 22.Ng4 Kb8 23.Bg1 Ka8 24.Ne3 Nb8 25.g3 hxg3
26.hxg3 { ...1/2-1/2, Gligoric Svetozar 2447 - Sokolsky Alexey, Moscow 1947
Memorial M.Chigorin } ) 7.dxc5 ( 7.Bd3 Qa5 8.Ne2 cxd4 9.Bxf6 Nxf6 10.exd4
Bxc3+ 11.Nxc3 h6 12.O-O O-O 13.a3 Bd7 14.b4 Qc7 15.Rac1 Rac8 16.Rfd1 Rfe8
17.h3 Qb8 18.Bf1 a6 19.a4 Rc7 20.a5 Qd8 21.Qb2 Rc8 22.Qa3 Ra8 23.d5 e5 24.Re1
e4 25.Re3 Re5 26.Rce1 Bf5 { ...1-0, Istratescu Andrei 2611 - Agrest Evgenij
2604 , Antalya 28. 5.2004 Ch Europe } ) 7...Nxc5 ( 7...dxc5 8.O-O-O Bxc3
9.Qxc3 Qe7 10.Bd3 b6 11.f4 Bb7 12.e4 e5 13.Nf3 Qe6 14.fxe5 Ng4 15.Bc2 Ngxe5
16.Ba4 O-O 17.Bf4 f6 18.Rhe1 Rf7 19.h3 Nxf3 20.gxf3 Raf8 21.h4 { 1/2-1/2,
Seirawan Yasser 2605 - Petrosian Tigran V 2580 , Niksic 1983 It (cat.14) } )
8.Ne2 Bd7 { +0.00 CAP } 9.Rb1 { N } ( 9.a3 Ba4 10.Qb1 Bxc3+ 11.Nxc3 Bb3 12.Be2
h6 ( 12...Qa5 13.Bxf6 gxf6 14.O-O f5 15.Qc1 O-O-O 16.Nb5 Rhg8 17.Nd4 Kb8
18.Rb1 Rc8 19.f3 Qb6 20.Rf2 f4 21.Qc3 Ba2 22.Ra1 Na4 23.c5 dxc5 24.Qc2 fxe3
25.Rff1 cxd4 26.Qxa4 Bb3 { 0-1, Formanek Edward W 2289 - Sandrin Angelo, USA
1989 It (open) } ) 13.Bh4 Qb6 14.O-O Rc8 15.Rc1 a6 16.Bxf6 gxf6 17.Ne4 Ke7
18.Nd2 a5 19.Rc3 a4 20.Qe1 h5 21.h4 f5 22.g3 e5 23.Bf1 Kf6 24.Bg2 Rcg8 25.Nxb3
axb3 26.Qd2 Rg6 27.Rd1 Ke7 28.Rcc1 Rf6 { ...1/2-1/2, Duppel Matthias 2310 -
Balashov Yuri S 2580 , Boblingen 1998 It (open) } ) ( 9.O-O-O O-O 10.Kb1 Bc6
11.f3 a5 12.e4 Ncd7 13.a3 Qb6 14.Na4 Qa7 15.Nd4 Rfc8 16.Bxf6 Nxf6 17.axb4 axb4
18.Nxc6 Rxc6 19.e5 Nd5 20.Qb3 Nb6 21.Nxb6 Rxb6 22.exd6 Ra6 23.Be2 Qf2 24.d7
Ra1+ 25.Kc2 Rxd1 26.Rxd1 { 1-0, Alterman Boris 2585 - Hansen Curt 2590 ,
Groningen 1993 Ch World (qual) (PCA) } ) 9...Ba4 10.b3 Bc6 11.f3 a5 12.Rc1 h6
13.Bh4 e5 14.Bxf6 Qxf6 15.Ng3 a4 16.Kf2 axb3 17.axb3 Ra3 18.Nd5 Bxd5 19.cxd5
O-O 20.Bc4 Rfa8 21.Rb1 Qh4 22.Rhd1 g6 23.Kg1 Qg5 24.Nf1 R8a5 25.Be2 b5 26.Rb2
Kg7 27.Rc1 h5 28.Qd1 Qf6 29.Rbb1 e4 30.f4 Ra2 31.Rc2 R2a3 32.Rcc1 Ra2 33.Rc2
Ra1 34.Rxa1 Rxa1 35.Rc1 Ra5 36.Qc2 h4 37.g3 Kh7 38.Rb1 Qf5 39.Rd1 Ra3 40.Bxb5
Rxb3 41.Rb1 Rxb1 42.Qxb1 Bc3 43.Qc2 Bf6 44.Bc4 Kg7 45.Qe2 Qc8 46.Qc2 Qa8
47.Nd2 Qa1+ 48.Bf1 { ?! } ( 48.Kg2 { !? } 48...hxg3 49.hxg3 Qc3 50.Qxc3 Bxc3
51.Nb1 Bb4 52.Kf2 Kf6 53.Ke2 Kf5 54.Bb5 Nb3 { } ) 48...Qe1 49.Nc4 hxg3 50.hxg3
Qxg3+ 51.Qg2 Qxg2+ 52.Kxg2 Be7 53.Nb6 Bd8 54.Nc8 Bc7 55.Bb5 Nb7 56.Bd7 f5
57.Kf2 Kf6 58.Ke2 Nd8 59.Be8 Nf7 60.Na7 Bb6 61.Nb5 Bc5 62.Bxf7 Kxf7 63.Nc7 Bb4
64.Ne6 Bc3 65.Kd1 Bf6 66.Kc2 Bh4 67.Kd2 Kf6 68.Nd4 Ke7 69.Ne6 Ke8 70.Kc3 Be1+
71.Kc2 Ke7 72.Kd1 Bh4 73.Kd2 Kf7 74.Ke2 Kg8 75.Nd4 Kg7 76.Nb5 Be7 77.Nd4 Kh6
78.Nc6 Bf6 79.Na5 Kh5 80.Nc4 Be7 81.Kf2 Kh4 82.Nb6 Kg4 83.Nc8 Bf8 84.Nb6 Kh3
85.Nc8 Kh4 86.Nb6 Kg4 87.Nc4 Be7 88.Nb6 Bh4+ 89.Ke2 Bd8 90.Nc4 Bc7 91.Kf2 Kh3
92.Ke2 Kg3 93.Na3 Bd8 94.Nb5 Be7 95.Nd4 Bf8 96.Nb5 Kh3 97.Nd4 Kg4 98.Ne6 Be7
99.Nd4 g5 100.Nc6 Bf6 101.fxg5 Kxg5 102.Na5 Bc3 103.Nb7 Bb4 104.Nd8 Kf6
105.Nc6 Bc5 106.Kd2 Kg5 107.Nd8 Kf6 108.Nc6 Bb6 109.Nb8 Kg5 110.Ke2 f4
111.exf4+ Kxf4 112.Nc6 Bc5 113.Ne7 Ke5 114.Kd2 Kd4 115.Ke2 Ba3 116.Kd2 Bb4+
117.Ke2 Bc3 { } {#R} 0-1

[Event "Ch Europe (team)"]
[Site "masterchessopen.com Crete (Greece)"]
[Date "2007.10.28"]
[Round "1"]
[White "Miton Kamil (POL)"]
[Black "Drasko Milan (MNE)"]
[Result "0-1"]
[WhiteElo "2628"]
[BlackElo "2557"]

{ Miton Kamil (POL) +0 =1 -0 } 1.d4 e6 2.c4 Nf6 3.Nc3 Bb4 4.Qc2 d6 5.Nf3 O-O
6.Bg5 Nbd7 7.e3 { = } ( 7.Nd2 h6 8.Bh4 b6 9.a3 Bxc3 10.Qxc3 Bb7 11.Bg3 Qe7
12.e3 a5 13.b3 e5 14.d5 c6 15.e4 cxd5 16.exd5 b5 17.Be2 bxc4 18.bxc4 Nc5
19.Qe3 Rfe8 20.O-O Bc8 21.Rfe1 Bf5 22.f4 Nfd7 23.Nf3 f6 24.Nh4 Be4 25.Bh5 Reb8
26.Ng6 Qd8 { ...1-0, Quinteros Miguel A 2503 - Rubinetti Jorge 2382 , Buenos
Aires 1966 Ch Argentina } ) 7...c5 ( 7...b6 8.Bd3 h6 9.Bh4 Bb7 10.O-O-O Bxc3
11.Qxc3 Rc8 12.Kb1 c5 13.d5 b5 14.dxe6 fxe6 15.cxb5 Qb6 16.Bc2 Be4 17.Bxe4
Nxe4 18.Qc4 d5 19.Rxd5 exd5 20.Qxd5+ Rf7 21.Qxe4 Qxb5 22.Rd1 c4 23.Rd5 Nc5
24.Qd4 Rb7 25.Nd2 Qa4 26.Qxc4 Qd1+ { 0-1, Finegold Benjamin 2470 - Tukmakov
Vladimir B 2565 , Nuernberg 1994 It (open) } ) ( 7...h6 8.Bh4 Qe8 9.Be2 b6
10.O-O Bxc3 11.Qxc3 Ne4 12.Qc2 f5 13.Bd3 Bb7 14.Rad1 Qh5 15.Bg3 Ndf6 16.a3
Nxg3 17.fxg3 Rae8 18.b4 Ng4 19.h3 Nxe3 20.Qe2 Nxd1 21.Rxd1 Bxf3 22.Qxf3 Qxf3
23.gxf3 e5 24.dxe5 dxe5 25.c5 Re7 26.Bc4+ Kh7 27.Kf2 { ...0-1, Guyon Le Bouffy
Joseph - Dgebuadze Alexandre 2535 , Livry Gargan 15. 5.2005 It (open) (active)
} ) 8.Bd3 Qc7 ( 8...Qa5 9.O-O cxd4 10.exd4 Bxc3 11.bxc3 b6 12.Rfb1 Bb7 13.Rb5
Qa6 14.Nd2 Bc6 15.Rb4 Qb7 16.f3 Qc7 17.a4 Rfe8 18.Qa2 d5 19.Bh4 Qf4 20.Bf2 e5
21.cxd5 Bxd5 22.Qc2 e4 23.Nxe4 Nxe4 24.fxe4 Bxe4 25.Bxe4 Rxe4 26.a5 Rae8 27.d5
h6 28.axb6 { ...1/2-1/2, Timoscenko Gennadij 2529 - Kurajica Bojan 2534 ,
Istanbul 2000 Olympiad } ) ( 8...h6 9.Bxf6 Nxf6 10.O-O Bxc3 11.Qxc3 b6 12.e4
cxd4 13.Qxd4 Bb7 14.Rad1 Qc7 15.e5 Bxf3 16.exd6 Qb7 17.gxf3 Qxf3 18.Rd2 Rac8
19.b4 Rfd8 20.Rc1 Rc6 21.c5 Rdxd6 22.Qxd6 Rxd6 23.cxd6 Qg4+ 24.Kf1 g6 25.Ba6
Ne4 26.Rcd1 { 1/2-1/2, Kazmin A 2194 - Pogorelov Ruslan 2489 , Voronezh 1999
It (open) } ) 9.O-O { +0.44 CAP } 9...Bxc3 10.Qxc3 b6 11.e4 { N } ( 11.Qc2 {
1/2-1/2, Rohl Ivonne - Jungmann Carsten, Strelasund 1997 It (open) } )
11...cxd4 12.Nxd4 Bb7 13.Rfe1 a6 14.Re3 h6 15.Bh4 Rac8 16.a4 Rfe8 17.Rf1 Qc5
18.h3 Qh5 19.Bxf6 Nxf6 20.f4 Qc5 21.b4 Qc7 22.Qd2 d5 { ?! } ( 22...Nh5 { !? }
23.e5 Rcd8 24.exd6 Rxd6 25.Nb3 Rdd8 { } ) 23.cxd5 exd5 24.e5 Ne4 25.Bxe4 dxe4
26.Nf5 Rcd8 27.Nd6 Re6 28.Rc1 Qe7 29.Rec3 Rexd6 30.exd6 Rxd6 31.Qe3 Qf6 32.Kh2
Rd4 33.Rb1 Qd6 34.a5 b5 35.Rb2 g5 36.Qg3 Qxf4 37.Qxf4 { ?! } ( 37.Rf2 { !? }
37...Qxg3+ 38.Kxg3 Bd5 39.Rf6 Be6 40.Rxh6 Kg7 41.Rh5 Kg6 42.Rh8 Rxb4 43.Ra8
Ra4 { } ) 37...gxf4 38.Rc7 Bd5 39.Rd7 { ?! } ( 39.Ra7 { !? } 39...e3 40.Rd7
Kg7 41.Rd6 f6 42.Re2 Kg6 43.Rd8 Kg5 44.Rd6 { } ) 39...e3 40.Rc2 Kg7 41.Rd6 Rd1
42.h4 h5 43.Rb2 Kf8 44.Rc2 Ke7 45.Rxa6 Rd2 46.Ra7+ Kf6 47.Rac7 f3 48.Kg3 Rxc2
49.Rxc2 f2 50.Rc1 Ke5 51.a6 Ke4 52.a7 Bb7 53.Rc7 f1=Q 54.Rxb7 Qf4+ 55.Kh3 Qg4+
56.Kh2 Qxh4+ 57.Kg1 Qe1+ 58.Kh2 Qa1 { 1323571344=ZE5Y627 1323571344=ZE5Y677 }
{#R} 0-1

[Event "Ch City (w)"]
[Site "masterchessopen.com Voronezh (Russia)"]
[Date "2007.12.04"]
[Round "1"]
[White "Avdeeva Veronika (RUS)"]
[Black "Zemlianukhina Viktoria (RUS)"]
[Result "1/2-1/2"]
[WhiteElo "2122"]
[BlackElo "1988"]

1.d4 Nf6 2.c4 e6 3.Nc3 Bb4 4.Qc2 d6 5.a3 Bxc3+ 6.Qxc3 Nbd7 7.Bg5 b6 8.f3 Qe7
9.Nh3 Bb7 10.e4 e5 11.Be3 a5 12.Be2 O-O 13.O-O h6 14.b4 Rfe8 15.d5 c6 16.dxc6
Bxc6 17.Qd2 Rec8 18.Nf2 Ne8 19.Rfc1 Rc7 20.Bd1 Rca7 21.Qb2 Nc7 22.Nd3 f5 23.c5
bxc5 24.bxc5 Rb7 25.Qa2+ Kh8 26.cxd6 Qxd6 27.Nc5 Rbb8 28.Nxd7 Bxd7 29.Bc5 Qg6
30.exf5 Bxf5 31.Bc2 e4 32.Bxe4 Bxe4 33.fxe4 Qxe4 34.Re1 Qf5 35.Rac1 Nd5 36.Rf1
Qg5 37.Rce1 Re8 38.Rxe8+ Rxe8 39.Qf2 Nf6 {#d} 1/2-1/2

[Event "It (open)"]
[Site "masterchessopen.com Pamplona (Spain)"]
[Date "2007.12.27"]
[Round "7"]
[White "Ignacz Rozsa (HUN)"]
[Black "Estremera Panos Sergio (ESP)"]
[Result "0-1"]
[WhiteElo "2079"]
[BlackElo "2400"]

1.d4 Nf6 2.c4 e6 3.Nc3 Bb4 4.Qc2 d6 5.Nf3 Nbd7 6.e4 e5 7.Be2 O-O 8.Bd2 Re8
9.dxe5 dxe5 10.a3 Bf8 11.Rd1 c6 12.O-O Qc7 13.h3 a5 14.Be3 Nc5 15.Rd2 a4
16.Bxc5 Bxc5 17.Nxa4 Rxa4 18.Qxa4 Nxe4 19.Rdd1 Qb6 20.Qc2 Bxf2+ 21.Rxf2 Qxf2+
22.Kh2 Bxh3 23.Bd3 Bxg2 24.Qxf2 Nxf2 25.Rd2 Bxf3 {#R} 0-1

[Event "Ch Georgia (KO-system)"]
[Site "masterchessopen.com Tbilisi (Georgia)"]
[Date "2008.03.19"]
[Round "2"]
[White "Chigladze Iveri (GEO)"]
[Black "Shanava Konstantine (GEO)"]
[Result "1/2-1/2"]
[WhiteElo "2401"]
[BlackElo "2506"]

1.d4 Nf6 2.c4 e6 3.Nc3 Bb4 4.Qc2 d6 5.a3 Bxc3+ 6.Qxc3 Nbd7 7.g3 O-O 8.Bg2 Qe7
9.b4 e5 10.dxe5 Qxe5 11.Bb2 Qxc3+ 12.Bxc3 a5 13.Nf3 axb4 14.axb4 Rxa1+ 15.Bxa1
Nb6 16.Nd2 Be6 17.c5 dxc5 18.bxc5 Na4 19.Bd4 Rd8 20.e3 Bd5 21.Bxd5 Rxd5 22.c6
bxc6 23.Ke2 c5 24.Bxf6 gxf6 25.Ne4 Kg7 26.Ra1 Nb6 27.Ra7 f5 28.Nc3 Rd7 29.Ra5
Rd2+ 30.Ke1 Rc2 31.Rxc5 Nd7 32.Rxc7 Ne5 33.f4 Ng4 34.Nb5 Rxc7 35.Nxc7 Nxe3
36.h3 Nc4 37.Nb5 Nb6 38.Ke2 Nd5 39.Kd3 Nf6 40.Nc3 Nh5 41.Ne2 Kf6 42.Kd4 Ng7
43.Kd5 Ne6 44.Kd6 h6 45.Kc6 Nd8+ 46.Kd7 Ne6 47.Kd6 Ng7 48.Kd7 Ne6 49.Ke8 Nc5
50.Kf8 Ne4 51.Kg8 Kg6 52.Kh8 Nf2 53.h4 Ne4 54.Kg8 Nf6+ 55.Kf8 Nd7+ 56.Ke7 Nf6
57.Kd6 Ne4+ 58.Ke5 f6+ 59.Ke6 Nc5+ 60.Kd5 Ne4 61.Ke6 Nc5+ 62.Kd6 Ne4+ 63.Kd5
Nf2 64.Ke6 h5 65.Nd4 Ne4 66.Ne2 Nc5+ 67.Kd5 Ne4 68.Kd4 Kf7 69.Ke3 Kg6 70.Kf3
Nd2+ 71.Kg2 Ne4 72.Nd4 Nd6 73.Nc2 Ne4 74.Ne3 Nd6 75.Nd5 Kf7 76.Nc3 Ke6 77.Kf3
Nc4 78.Ke2 Nd6 79.Kd3 Kf7 80.Kd4 Ke6 81.Na4 Ke7 82.Nc5 Nb5+ 83.Kc4 Na3+ 84.Kd3
Nb5 85.Nb3 Nd6 86.Nd2 Ke6 87.Kd4 Nb5+ 88.Kc5 Nc3 89.Kc6 Ne4 90.Nf1 Ke7 91.Kc7
Ke8 {#d} 1/2-1/2

[Event "Ch Poland (juniors) (under 18) (g)"]
[Site "masterchessopen.com Leba (Poland)"]
[Date "2008.03.30"]
[Round "2"]
[White "Nowak Malgorzata (POL)"]
[Black "Dusza Elzbieta (POL)"]
[Result "1-0"]
[WhiteElo "2082"]
[BlackElo "1849"]

1.d4 Nf6 2.c4 e6 3.Nc3 Bb4 4.Qc2 d6 5.a3 Bxc3+ 6.Qxc3 Nbd7 7.Nf3 h6 8.e3 Ne4
9.Qc2 f5 10.Bd3 Ndf6 11.O-O b6 12.Nd2 Bb7 13.f3 Nxd2 14.Bxd2 c5 15.b4 Qe7
16.Rab1 cxb4 17.axb4 O-O 18.c5 Rac8 19.Rfc1 dxc5 20.bxc5 bxc5 21.dxc5 Rfd8
22.Ba5 Rd5 23.Bb4 Bc6 24.Bc4 Rd7 25.Qxf5 Nd5 26.Qe5 Nc7 27.e4 Qf6 28.Bc3 Kf7
29.Qg3 Qg5 30.Qxg5 hxg5 31.h3 Ne8 32.Ba6 Rcd8 33.Ba5 Nc7 34.Bb7 Bxb7 35.Rxb7
Na6 36.Rxd7+ Rxd7 37.c6 {#r} 1-0

[Event "It (open)"]
[Site "masterchessopen.com Bar (Montenegro)"]
[Date "2008.04.03"]
[Round "7"]
[White "Miron Lucian-Costin (ROM)"]
[Black "Abramovic Bosko (SRB)"]
[Result "0-1"]
[WhiteElo "2437"]
[BlackElo "2484"]

1.d4 Nf6 2.c4 e6 3.Nc3 Bb4 4.Qc2 d6 5.Bg5 Nbd7 6.e3 b6 7.Ne2 Bb7 8.a3 Bxc3+
9.Nxc3 h6 10.Bh4 g5 11.Bg3 Nh5 12.O-O-O Qe7 13.f3 Nxg3 14.hxg3 O-O-O 15.Bd3
Kb8 16.g4 Nf6 17.Kb1 h5 18.gxh5 Nxh5 19.Qf2 Nf6 20.Qg3 Nd7 21.Rh3 Rxh3 22.Qxh3
d5 23.Qg3 dxc4 24.Bxc4 a6 25.Bb3 b5 26.Ne4 f6 27.Nf2 e5 28.Qg4 c5 29.Be6 exd4
30.exd4 cxd4 31.Rxd4 Ne5 32.Rxd8+ Qxd8 33.Qb4 Qb6 34.Qf8+ Ka7 35.Qxf6 Nxf3
36.gxf3 Qxf2 37.Ka2 Qb6 {#R} 0-1

[Event "Ch France (team) (nat.1) 2007/08"]
[Site "masterchessopen.com France"]
[Date "2008.04.06"]
[Round "11"]
[White "Ley Gerard (FRA)"]
[Black "Giffard Nicolas (FRA)"]
[Result "0-1"]
[WhiteElo "1841"]
[BlackElo "2376"]

1.d4 Nf6 2.c4 e6 3.Nc3 Bb4 4.Qc2 d6 5.Nf3 Nbd7 6.Bg5 h6 7.Bh4 c5 8.e3 b6 9.Be2
Bb7 10.O-O Bxc3 11.bxc3 Qe7 12.Nd2 g5 13.Bg3 h5 14.f4 h4 15.fxg5 hxg3 16.gxf6
Rxh2 17.Bf3 Qf8 18.Ne4 Rh1+ {#R} 0-1

[Event "Extra League 2007/08"]
[Site "masterchessopen.com Czech Republic"]
[Date "2008.04.12"]
[Round "10"]
[White "Priborsky Ivo (CZE)"]
[Black "Hracek Zbynek (CZE)"]
[Result "1/2-1/2"]
[WhiteElo "2302"]
[BlackElo "2613"]

1.d4 Nf6 2.c4 e6 3.Nc3 Bb4 4.Qc2 d6 5.Bg5 Nbd7 6.Nf3 c5 7.e3 Qa5 8.Bd3 Bxc3+
9.Qxc3 Qxc3+ 10.bxc3 b6 11.a4 Bb7 12.Bh4 h6 13.Nd2 g5 14.Bg3 Ke7 15.f3 Nh5
16.Bf2 f5 17.Ke2 a5 18.Rhg1 Raf8 19.g4 fxg4 20.Rxg4 Rhg8 21.Rgg1 Kd8 22.h4
Ndf6 23.hxg5 hxg5 24.Raf1 Bc6 25.Bc2 Kc7 26.Be1 e5 27.dxe5 dxe5 28.Bg3 Re8
29.Bh2 Kb7 30.Ne4 Nxe4 31.Bxe4 Nf6 32.Bxc6+ Kxc6 33.Rh1 e4 34.f4 g4 35.Bg3 Rh8
36.Bh4 Nh5 37.Rhg1 Nxf4+ 38.Rxf4 Rxh4 39.Rgxg4 Rh2+ 40.Rf2 Rxf2+ 41.Kxf2 Rd8
42.Rxe4 Rd2+ {#d} 1/2-1/2

[Event "Czech League 2007/08 (krajsky prebor)"]
[Site "masterchessopen.com Czech Republic"]
[Date "2008.04.13"]
[Round "11"]
[White "Pokorny Tomas (CZE)"]
[Black "Voboril Pavel (CZE)"]
[Result "1-0"]
[WhiteElo "2268"]
[BlackElo "2011"]

1.d4 Nf6 2.c4 e6 3.Nc3 Bb4 4.Qc2 d6 5.Bg5 Nc6 6.e3 h6 7.Bh4 g5 8.Bg3 Qe7 9.Ne2
Bd7 10.a3 Bxc3+ 11.Nxc3 O-O-O 12.Be2 e5 13.d5 Nb8 14.e4 c5 15.dxc6 bxc6 16.b4
Kb7 17.O-O h5 18.f3 h4 19.Bf2 Bc8 20.a4 g4 21.Be3 g3 22.h3 Nh5 23.b5 Nf4
24.Rfb1 Ka8 25.bxc6 Nxc6 26.Nd5 Nxd5 27.cxd5 Nb8 28.Ra3 Bb7 29.a5 Rc8 30.Qb2
Ba6 31.Rb3 Bxe2 32.Rb7 Rc7 33.Rxb8+ {#r} 1-0

[Event "Ch Region (open)"]
[Site "masterchessopen.com Odessa (Ukraine)"]
[Date "2008.04.22"]
[Round "7"]
[White "Avetisian Tigran (UKR)"]
[Black "Kuznetsov Vladimir (RUS)"]
[Result "1-0"]
[WhiteElo "2016"]
[BlackElo "2090"]

1.d4 Nf6 2.c4 e6 3.Nc3 Bb4 4.Qc2 d6 5.Bg5 Nbd7 6.e3 h6 7.Bxf6 Qxf6 8.Bd3 b6
9.Ne2 Bb7 10.O-O O-O 11.Ne4 Qd8 12.a3 d5 13.axb4 dxe4 14.Bxe4 Bxe4 15.Qxe4 Nf6
16.Qf3 Qe7 17.Ra4 Nh7 18.Rfa1 Ng5 19.Qc6 a6 20.c5 Rfb8 21.Nc3 e5 22.Nd5 Qd8
23.Nxc7 Rc8 24.cxb6 exd4 25.b7 Qxc7 26.Qxc7 Rxc7 27.bxa8=Q+ {#r} 1-0

[Event "It (open)"]
[Site "masterchessopen.com Zagreb (Croatia)"]
[Date "2008.05.12"]
[Round "1"]
[White "Martic Zlatko (CRO)"]
[Black "Abramovic Bosko (SRB)"]
[Result "1/2-1/2"]
[WhiteElo "2319"]
[BlackElo "2484"]

1.d4 Nf6 2.c4 e6 3.Nc3 Bb4 4.Qc2 d6 5.Nf3 Nbd7 6.g3 b6 7.Bg2 Bb7 8.O-O O-O
9.Rd1 Bxc3 10.Qxc3 a5 11.b3 Be4 12.Bb2 h6 13.Rac1 Qe7 14.a3 Rfc8 15.Bh3 c6
16.Nd2 Bg6 17.Re1 Qd8 18.e4 d5 19.f3 a4 20.Ra1 {#d} 1/2-1/2

[Event "Ch Sweden (seniors)"]
[Site "masterchessopen.com Vaxjo (Sweden)"]
[Date "2008.07.10"]
[Round "8"]
[White "Nordstrom Felix (SWE)"]
[Black "Agrest Roman (SWE)"]
[Result "1-0"]
[WhiteElo "2206"]
[BlackElo "2070"]

1.c4 Nf6 2.d4 e6 3.Nc3 Bb4 4.Qc2 d6 5.Nf3 c5 6.dxc5 Bxc5 7.Bg5 Nbd7 8.e3 Bb4
9.a3 Bxc3+ 10.Qxc3 Qc7 11.Be2 O-O 12.O-O Ne4 13.Qd4 Nxg5 14.Nxg5 Nf6 15.Rfd1
d5 16.Rac1 Qe7 17.Nf3 b6 18.cxd5 exd5 19.Qf4 Rd8 20.Rc7 Qd6 21.Qxd6 Rxd6
22.Nd4 Ne8 23.Rc2 Bb7 24.Bb5 Kf8 25.Bxe8 Rxe8 26.Rc7 Rb8 27.Rdc1 Rdd8 28.f3
Rdc8 29.Kf2 Rxc7 30.Rxc7 g6 31.Nb5 Bc8 32.Nxa7 Be6 33.Ke2 Ke8 34.Nc6 Rc8
35.Rxc8+ Bxc8 36.Nb4 Bb7 37.Kd3 Kd7 38.Kd4 Kd6 39.f4 f6 40.a4 g5 41.fxg5 fxg5
42.Na2 Bc6 43.Nc3 Bb7 44.b4 h5 45.a5 bxa5 46.bxa5 h4 47.Na2 g4 48.g3 hxg3
49.hxg3 Ke6 50.Nb4 Kd6 51.a6 Ba8 52.Nd3 Kc7 53.Ne5 Kb6 54.Nxg4 Bc6 55.Nf6 Kxa6
56.g4 Ba4 57.g5 Bc2 58.Kxd5 Kb7 59.e4 Kc7 60.g6 {#r} 1-0

[Event "Memorial E.Zudov (cat.2)"]
[Site "masterchessopen.com Nizhnij Tagil (Russia)"]
[Date "2008.07.15"]
[Round "8"]
[White "Grebenshikov V (KAZ)"]
[Black "Manakova Irina (RUS)"]
[Result "1-0"]
[WhiteElo "2300"]
[BlackElo "2181"]

1.d4 e6 2.c4 Nf6 3.Nc3 Bb4 4.Qc2 d6 5.Bd2 Nbd7 6.a3 Bxc3 7.Bxc3 b6 8.e4 e5
9.d5 a5 10.b3 O-O 11.Nf3 Nh5 12.Nd2 g6 13.g3 Ng7 14.Bg2 f5 15.O-O f4 16.b4 a4
17.Rac1 Nh5 18.Qd1 Qg5 19.Nf3 Qe7 20.Nh4 Ng7 21.Bh3 Nf6 22.Bxc8 Rfxc8 23.f3
Ngh5 24.Be1 Nd7 25.Rc2 Qg5 26.Qc1 h6 27.Ng2 Qf6 28.g4 Ng7 29.h4 g5 30.Bf2 c6
31.Rd1 cxd5 32.cxd5 Qd8 33.hxg5 hxg5 34.Rd3 Ne8 35.Rdc3 Rxc3 36.Rxc3 Ra7
37.Rc6 Rc7 38.Qc4 Qb8 39.b5 Qa7 40.Ne1 Nb8 41.Nc2 Nxc6 42.dxc6+ Kg7 43.Nb4 Rf7
44.Nd5 Qa5 45.c7 Nxc7 46.Nxc7 Qd2 47.Nd5 Qd1+ 48.Kg2 Qb3 49.Nxb6 Qxa3 50.Qxa4
Qb2 51.Nd5 Rf8 52.Qa7+ Rf7 53.Qb8 Qa3 54.b6 Qa6 55.Qxd6 Kg8 56.Qxe5 Qa8
57.Qxg5+ Kf8 58.Bc5+ {#r} 1-0

[Event "Ch Spain (w)"]
[Site "masterchessopen.com Novetle (Spain)"]
[Date "2008.08.05"]
[Round "3"]
[White "Collado Barbas Laura (ESP)"]
[Black "Garcia Vicente Nieves (ESP)"]
[Result "1-0"]
[WhiteElo "2040"]
[BlackElo "2220"]

1.d4 Nf6 2.c4 e6 3.Nc3 Bb4 4.Qc2 d6 5.Nf3 Nbd7 6.Bg5 h6 7.Bh4 Qe7 8.e4 Bxc3+
9.bxc3 e5 10.Bd3 b6 11.O-O g5 12.Bg3 Nh5 13.Rfe1 Nf4 14.Bxf4 gxf4 15.Kh1 Nf8
16.g3 Ng6 17.Rg1 Bg4 18.Be2 h5 19.h4 O-O-O 20.Nh2 Bxe2 21.Qxe2 exd4 22.cxd4
Rde8 23.Rae1 f5 24.e5 dxe5 25.dxe5 fxg3 26.Qf3 Kb8 27.fxg3 Qe6 28.Rgf1 Nxe5
29.Qxf5 Qc6+ 30.Nf3 Nxf3 31.Rxe8+ Rxe8 32.Rxf3 Qxc4 33.Qxh5 Re1+ 34.Kg2 Qe2+
35.Kh3 Rh1+ 36.Kg4 a5 37.Qf7 Rd1 38.h5 Rh1 39.h6 Kb7 40.Qd5+ Ka7 41.Qc6 Ka6
42.Qa8+ Kb5 43.Qd5+ c5 44.Kf4 Rf1 45.a4+ Kxa4 46.Qb3# 1-0

[Event "Ch Russia (club) (juniors) (under 18)"]
[Site "masterchessopen.com Rybinsk (Russia)"]
[Date "2008.08.10"]
[Round "9"]
[White "Nikolaev Evgeny (RUS)"]
[Black "Nelyubin Grigory (RUS)"]
[Result "1/2-1/2"]
[WhiteElo "2290"]
[BlackElo "2065"]

1.d4 Nf6 2.c4 e6 3.Nc3 Bb4 4.Qc2 d6 5.a3 Bxc3+ 6.Qxc3 O-O 7.Bg5 Nbd7 8.f3 a5
9.e3 e5 10.Bd3 Qe8 11.Ne2 h6 12.Bh4 e4 13.Bc2 c6 14.fxe4 Nxe4 15.Qd3 f5
16.O-O-O Qh5 17.Be7 Re8 18.g4 Qxg4 19.Rhg1 Qxg1 20.Rxg1 Rxe7 21.Nf4 Ndf6
22.Ng6 Re8 23.Qe2 Bd7 24.h3 Rab8 25.Qg2 Bc8 26.Bb3 c5 27.Ba4 Bd7 28.Ne5 Re7
29.Nxd7 Nxd7 30.Qg6 Rf8 31.Qxh6 Rf6 32.Qf4 Nb6 33.Bb3 Kf8 34.dxc5 Nxc5 35.Bc2
a4 36.Rg5 Ne6 37.Qh4 Nxg5 38.Qxg5 Re5 39.Qh4 Kf7 40.Qh5+ Kg8 41.Qf3 Nxc4
42.Qxb7 Nxe3 43.Bxa4 f4 44.Qf3 Kh7 45.b4 d5 46.Bb5 d4 47.Bd3+ Kg8 48.b5 Rc5+
49.Kd2 Rc3 50.a4 Ra3 51.Qh5 Rxd3+ 52.Kxd3 f3 53.Qe8+ Rf8 54.Qe6+ Kh8 55.Qe7
Rf5 56.Qh4+ Kg8 57.Qf2 Nd1 58.Qf1 Ne3 59.Qf2 Nd1 60.Qf1 Ne3 61.Qf2 {#d}
1/2-1/2

[Event "Tournament \"]
[Site "masterchessopen.com Maralsay (Kazakhstan)"]
[Date "2008.08.21"]
[Round "6"]
[White "Alpysbayeva Aigerim (KAZ)"]
[Black "Abylkassymova Raushan (KAZ)"]
[Result "1/2-1/2"]
[WhiteElo "1995"]
[BlackElo "1834"]

1.d4 Nf6 2.c4 e6 3.Nc3 Bb4 4.Qc2 d6 5.Nf3 O-O 6.Bg5 h6 7.Bh4 Nbd7 8.a3 Bxc3+
9.bxc3 b6 10.e3 Bb7 11.Bd3 c5 12.Bg3 Qe7 13.O-O Rac8 14.a4 d5 15.cxd5 exd5
16.a5 cxd4 17.exd4 Ne4 18.Rfe1 {#d} 1/2-1/2

[Event "It (open)"]
[Site "masterchessopen.com Vladimir (Russia)"]
[Date "2008.08.22"]
[Round "10"]
[White "Derbenev Andrey (RUS)"]
[Black "Balashov Yuri S (RUS)"]
[Result "1-0"]
[WhiteElo "2399"]
[BlackElo "2378"]

1.d4 Nf6 2.c4 e6 3.Nc3 Bb4 4.Qc2 d6 5.a3 Bxc3+ 6.Qxc3 O-O 7.g3 Nc6 8.Bg2 e5
9.dxe5 dxe5 10.b4 Re8 11.Bb2 a5 12.b5 Nd4 13.e3 Qe7 14.Ne2 Nxe2 15.Kxe2 Bg4+
16.f3 Be6 17.Rac1 Nd7 18.c5 c6 19.b6 f6 20.e4 f5 21.exf5 Bxf5 22.Kf2 Be6
23.Rhe1 Qf7 24.Kg1 a4 25.Re3 Bd5 26.Rce1 Qf8 27.Bh3 Be6 28.Bf1 Bd5 29.Bh3 Be6
30.Bf1 Bd5 31.f4 Qxc5 32.Qxc5 Nxc5 33.Rxe5 Rxe5 34.Rxe5 Kf7 35.Rf5+ Kg8 36.Re5
Kf7 37.Bd4 Nd7 38.Rf5+ Nf6 39.Bd3 h6 40.Re5 Nd7 41.Re1 c5 42.Bxg7 c4 43.Bc2
Nxb6 44.Bd4 Nd7 45.g4 Rg8 46.h3 Nf6 47.Re5 Nxg4 48.hxg4 Rxg4+ 49.Kh2 Bc6
50.Rf5+ Ke7 51.Bd1 Rg2+ 52.Kh3 Rd2 53.Bc5+ Kd8 54.Rf8+ Kc7 55.Bg4 b5 56.Rf7+
Kd8 57.Bb6+ Ke8 58.Bh5 Bf3 59.Bg6 Rd6 60.Rf6+ Ke7 61.Rxd6 Kxd6 62.Ba5 Kd5
63.Bc3 Be4 64.Bf7+ {#r} 1-0